000 00322nam a2200109Ia 4500
008 220216s9999 xx 000 0 und d
100 _aAo Shuochang
245 0 _aExploration of the high yield physiological regulation of Hevea brasiliensis in Xishuangbanna
650 _aRubber yield
700 _aGuo Yagang
942 _cJS
999 _c59148
_d59148